Nome completo dos países da Europa do Sul - Statistics

Estatísticas Gerais
  • Esse quiz foi jogado 20 vezes
  • A pontuação média é 20 de 25
Estatísticas das Respostas
País Nome completo % Correto
Andorra Andorra
95%
Andorra De
85%
San Marino De
85%
Malta De
85%
Mônaco De
85%
Espanha Espanha
85%
Portugal República
85%
Itália República
85%
San Marino República
85%
Malta República
85%
Itália Italiana
80%
Malta Malta
80%
San Marino Marino
80%
Mônaco Mônaco
80%
Portugal Portuguesa
80%
Andorra Principado
80%
Mônaco Principado
80%
San Marino San
80%
Vaticano Vaticano
80%
Espanha Da
75%
Vaticano Da
75%
Espanha Reino
75%
Vaticano Do
65%
Vaticano Estado
65%
Vaticano Cidade
60%
Nenhum quiz correspondente encontrado
Distribuição das Pontuações
Porcentagem de Pessoas com Cada Pontuação
Percentil de Números Respondidos
Sua Pontuação Histórica
Você não jogou esse quiz